|
|
|
|
| LEADER |
01659nkm a2200385 a 4500 |
| 001 |
mzk03000904768 |
| 003 |
CZ BrMZK |
| 005 |
20170223094306.0 |
| 007 |
kh bo| |
| 008 |
050209s1867 xr ||| fr||||||0| k|gerod |
| 040 |
|
|
|a BOA001
|b cze
|
| 072 |
|
7 |
|a 72
|x Architektura
|2 Konspekt
|9 21
|
| 072 |
|
7 |
|a 77
|x Fotografie. Fotografické postupy
|2 Konspekt
|9 21
|
| 080 |
|
|
|a (084.12)
|2 MRF
|
| 080 |
|
|
|a 721:904
|2 MRF
|
| 080 |
|
|
|a (437.322)
|2 MRF
|
| 100 |
1 |
|
|a Homolka, Josef,
|d 1840-1907
|7 jk01041905
|4 aut
|
| 245 |
1 |
5 |
|a [Die Thomaskirche im Hintergrunde die Große Neugasse und das Franzensglacis]
|h [grafika]
|
| 260 |
|
|
|a [Brno :
|b Josef Homolka,
|c 1867]
|
| 300 |
|
|
|a 1 list :
|b fotografie ;
|c 14,9 x 19,7 cm
|
| 500 |
|
|
|a Pohled z věže sv. Jakuba na kostel sv. Tomáše s přilehlou budovou konventu
|
| 500 |
|
|
|a Fotografie začleněna do panoramatu Brna viz http://panorama.brna.cz/
|
| 510 |
4 |
|
|a Schram, W. Die Anschichtensammlung der mährischen Landesbibliothek,
|c 126
|
| 610 |
2 |
7 |
|a Moravská zemská knihovna (Brno, Česko).
|b Schramova sbírka pohledů na moravská města a kraje
|7 mzk2005304486
|2 czenas
|
| 610 |
2 |
7 |
|a Kostel sv. Tomáše (Brno, Česko)
|7 mzk2007358212
|2 czenas
|
| 650 |
0 |
7 |
|a historické budovy
|7 ph120726
|2 czenas
|
| 650 |
0 |
4 |
|a Schramova sbírka vedut
|
| 651 |
|
7 |
|a Brno (Česko)
|7 ge134084
|2 czenas
|
| 651 |
|
4 |
|a Moravské náměstí (Brno, Česko)
|
| 655 |
|
7 |
|a fotografie
|7 fd132277
|2 czenas
|
| 856 |
4 |
1 |
|u http://www.digitalniknihovna.cz/mzk/view/uuid:ac4201e3-5894-458b-b149-b93c395bf411
|y Digitalizovaný dokument (klikněte pro zobrazení)
|
| 910 |
|
|
|a BOA001
|b Skř.1-0091.416,126
|
| 985 |
|
|
|a 1851-1900
|
| 990 |
|
|
|a GP
|
| 991 |
|
|
|k mzk
|